000 01034cam a2200265 4500
001 J1082
008 090401t1992 xxu||||| |||| 00| 0 eng d
035 _a(Sirsi) u41667
041 _aeng
050 _a693.834
100 _aFothergill, L.C.
245 _aSound insulation and the 1992 edition of Approved Document E.
260 _aGarston,Watford
_bBuilding Research Establishment
_c1992
300 _a(4)p. : ill. ; 30cm.
350 _a0
490 _aBRE Information Paper
_v18/92
520 _aDiscusses the recent revisions of the Building Regulations Approved Document E, which deal with an additional approval procedure based on full-size mock-up tests, material change of use of a dwelling and the harmonisation of technical specifications used in England, Wales, Scotland and Ireland.
650 _aAPPROVED DOCUMENT E
650 _aBUILDING REGULATIONS
_96224
650 _aSOUND INSULATION
690 _aBUILT ENVIRONMENT
710 _aBuilding Research Establishment
942 _n0
948 _c04/03/1997
999 _c90963
_d90963